000 00653nam a2200229Ia 4500
003 OSt
005 20220928115710.0
006 a|||||r|||| 00| 0
007 ta
008 220927b |||||||| |||| 00| 0 eng d
024 _a37809
037 _cReference Collections
040 _aSDCL
_cSDCL
_beng
041 _2eng
_aeng
082 _aD6,8(B),942k, N7 RR
100 _aNewton David E
_9445687
245 0 _aEncyclopedia of cryptology.
260 _aCalifornia
_bAbc-Clio
_c1997
300 _axi,330p.
_ccm.
942 _hD6,8(B),942k, N7 RR
_cREF
_2CC
999 _c760590
_d760590